Icon Sports Jersey Numbers - Whammies - Statistics

General Stats
  • This quiz has been taken 81 times
  • The average score is 9 of 16
Answer Stats
Position Jersey # % Correct
Lionel Messi, Pelé, Eli Manning 10
97%
Michael Jordan, David Beckham (R. Madrid), LeBron James 23
94%
Tom Brady, Aaron Rogers, Marcelo 12
76%
Wayne Gretzky, J.J. Watt, Jason Taylor 99
74%
Lou Gehrig, Bobby Orr, Brett Favre 4
64%
George Best, Ben Roethlisberger, Cristiano Ronaldo 7
63%
Micah Parsons, Larry Bird, Drew Bledsoe 11
56%
Babe Ruth, Paolo Maldini, Dale Earnhardt 3
53%
Andrea Pirlo, Deion Sanders, Tim Duncan 21
50%
Shaquille O'Neal, Walter Payton, Giannis Antetokounmpo 34
50%
Ronaldo Nazário, Robert Lewandowski, Gordie Howe 9
49%
Caitlin Clark, Emmitt Smith, Clyde Drexler 22
47%
Jackie Robinson, Nate Thurmond, Ronnie Lott 42
46%
Buck Williams, Ray Lewis, Mike Boddicker 52
43%
Magic Johnson, O.J. Simpson, David Beckham (Milan) 32
41%
Richard Petty, Troy Polamalu, Dennis Eckersley 43
36%
No matching quizzes found
Score Distribution
Percent of People with Each Score
Percentile by Number Answered
Your Score History
You have not taken this quiz